| 000 | 00651nam a22001577a 4500 | ||
|---|---|---|---|
| 003 | OSt | ||
| 005 | 20160401104412.0 | ||
| 008 | 160401b xxu||||| |||| 00| 0 eng d | ||
| 040 | _cRUA | ||
| 082 | _aAGR TOU 2002 B472 Or.1 | ||
| 100 |
_98296 _aTOUCH VEASNA; ទូច វាសនា |
||
| 245 | _aResponse of maize (zea mays) to liming and phosphorus application on acid soil; ការឆ្លើយតបនៃដំណាំពោតទៅនឹង ការដាក់ជីផូស្វ័រ និងកំបោរនៅលើជីអាស៊ីត | ||
| 260 |
_aPhnom Penh _bRUA _c2002 |
||
| 300 |
_a55p. _bill. _c29cm. |
||
| 942 |
_2ddc _cAGR |
||
| 999 |
_c7933 _d7933 |
||